Coleccionistas de nubes: ensayos sobre literatura colombiana

Saved in:
Bibliographic Details
Main Author: Fajardo Valenzuela, Diógenes (Author)
Format: Book
Language:Spanish
Published: Bogotá Instituto Caro y Cuervo 2002
Series:Publicaciones del Instituto Caro y Cuervo, 105
Subjects:
Tags: Add Tag
No Tags, Be the first to tag this record!

MARC

LEADER 00000nam a2200000 a 4500
001 UCK4836
003 CL-VaPUC
008 050624e20020000CK |||||||||||||||||spa|d
082 0 4 |a Co864  |b FAJ  |2 21 
100 0 |a Fajardo Valenzuela, Diógenes  |e author  |9 493462 
245 1 0 |a Coleccionistas de nubes: ensayos sobre literatura colombiana 
300 |a 304 p 
942 |c BK 
945 |d 20050624 00:00:00  |a jcarroza 
260 |a Bogotá  |b Instituto Caro y Cuervo  |c 2002 
650 7 |a ENSAYOS COLOMBIANOS  |2 CL-VaPUC  |9 344240 
650 0 |a Literatura colombiana   |9 315578 
583 |a last modification  |c 20050624 00:00:00  |k Rodrigo Vera 
490 0 |a Publicaciones del Instituto Caro y Cuervo, 105 
999 |c 313579  |d 313577 
952 |0 0  |1 0  |4 0  |6 CO_864_000000000000000_FAJ_2002  |7 0  |8 A  |9 384999  |a BIBEDU  |b BIBEDU  |d 2019-11-22  |i 4122127  |o Co864 FAJ 2002  |p 4122127  |r 2019-11-22  |w 2019-11-22  |y BK  |k LIT